| 000 | 00465nam a2200205Ia 4500 | ||
|---|---|---|---|
| 003 | OSt | ||
| 005 | 20241001122453.0 | ||
| 008 | 240126s9999 xx 000 0 und d | ||
| 020 | _a9789388267267 | ||
| 040 | _c0 | ||
| 041 | _aEnglish | ||
| 082 | _a344.041 ISH;1 R | ||
| 100 | _aIshita, Chatterjee. | ||
| 245 | 0 | _aHealth law | |
| 250 | _a1st ed. | ||
| 260 |
_bCentral Law Pub. _aAllahabad |
||
| 300 | _axxviii, 532 | ||
| 440 | _aNULL | ||
| 942 |
_cLL _2ddc |
||
| 999 |
_c295416 _d295416 |
||